zpět

Detail výsledku týmu

U Lucerny ČT, Brno

Datum a čas kvízu

31.5 Celkem bodů Celkový počet nahraných bodů na tomto kvízu bez doplňovacích otázek.
2. Pořadí na kvízu Konečné umístění týmu na tomto kvízu.

Zaznamenané odpovědi

# Otázka Odpověď Body Výsledky
1. Český národ si dokáže udělat s... 1
2. Chuť na víno dodala odvahy jis... 1
3. Jistě jste zaznamenali, že let... 1
4. Technologičtí giganti jako Fac... 1
5. Německý fotbalový útočník Luka... 0
6. Pro mimobrněnské soutěžící upř... 0
7. Bývalé mayské město na území d... 0
8. Na jméno české metalové skupin... 1
9. Kmen tvořící velkou část obyva... 0
10. Ze šalinkarty vyberete i příjm... 0